|
|
|
|
| LEADER |
00000nam0a2200000 4500 |
| 001 |
225848 |
| 005 |
20231101230705.0 |
| 020 |
|
|
|a RU
|b 89-25465
|
| 035 |
|
|
|a (RuTPU)RU\TPU\book\246209
|
| 090 |
|
|
|a 225848
|
| 100 |
|
|
|a 20121115d1988 k y0rusy5003 ca
|
| 101 |
0 |
|
|a rus
|
| 102 |
|
|
|a RU
|
| 105 |
|
|
|a y z 001zy
|
| 200 |
1 |
|
|a Стратегия ускорения и актуальные проблемы совершенствования процесса обучения
|e сборник научных трудов
|f Краснодарский политехнический институт ; под ред. И. И. Дьяченко
|
| 210 |
|
|
|a Краснодар
|c КПИ
|d 1988
|
| 215 |
|
|
|a 125 с.
|
| 320 |
|
|
|a Библиогр. в конце статей
|
| 606 |
1 |
|
|a Целевая интенсивная подготовка специалистов в вузе
|2 stltpush
|3 (RuTPU)RU\TPU\subj\17960
|9 43510
|
| 610 |
1 |
|
|a учебно-воспитательная работа
|
| 610 |
1 |
|
|a высшая школа
|
| 610 |
1 |
|
|a вузы
|
| 610 |
1 |
|
|a педагогика
|
| 610 |
1 |
|
|a дидактика
|
| 610 |
1 |
|
|a обучение
|
| 610 |
1 |
|
|a педагогические технологии
|
| 686 |
|
|
|a Ч481.22
|2 rubbk
|
| 702 |
|
1 |
|a Дьяченко
|b И. И.
|g Ирина Ивановна
|4 340
|
| 712 |
0 |
2 |
|a Краснодарский политехнический институт
|2 stltpush
|3 (RuTPU)RU\TPU\col\5805
|
| 801 |
|
0 |
|a RU
|b RuMRKP
|c 19950417
|g psbo
|
| 801 |
|
1 |
|a RU
|b 63413507
|c 20121115
|
| 801 |
|
2 |
|a RU
|b 63413507
|c 20130627
|g RCR
|
| 942 |
|
|
|c BK
|